| 000 | 00453nam a2200157Ia 4500 | ||
|---|---|---|---|
| 008 | 220204s9999 xx 000 0 und d | ||
| 020 | _a9068321773 | ||
| 082 |
_a631S _bCOR |
||
| 245 | 4 | _aThe earth charter in action: Toward a sustainable world | |
| 260 |
_aAmsterdam _bKIT Publishers _c2005 |
||
| 650 | _aAgricultural Economis | ||
| 650 | _aEcological integrity | ||
| 650 | _aSustainable development | ||
| 700 | _aCorcoran, Peter Blaze | ||
| 942 | _cBK | ||
| 999 |
_c44263 _d44263 |
||